000 00399cam a22001217a 4500
008 180718b xxu||||| |||| 00| 0 eng d
082 _aT19x5411 As72
245 _aEconomic survey, Assam
_cby Directorate of Economics & Statistics, Assam
260 _aGauhati
_bGovernment of Assam
_c
500 _aLibrary has 1982/83, 1983/84
650 _aSurvey
700 _aAssam. Directorate of Economics & Statistics
999 _c503472
_d503472